000 00554nam a22001937a 4500
003 KOHA_MİRAKIL
005 20251209090039.0
008 251209b tu ||||| |||| 00| 0 tur d
020 _a9786258352030
040 _aTR-AnABB
_btur
_cTR-AnABB
041 _atur
082 _a333.79
_bKAK 2022
100 1 _aKakaç, Sadık,
245 1 0 _aİleri enerji sistemleri ve çevre /
_cSadık Kakaç
260 _aAnkara :
_bTürkiye Bilimler Akademisi,
_c2022
300 _a333 sayfa ;
_c24 cm
650 0 4 _aEnerji mühendisliği
942 _2ddc
_cBK
999 _c9711
_d9711
900 _bGizem YORULMAZ